<?xml version="1.0" encoding="UTF-8"?>
<record
    xmlns:xsi="http://www.w3.org/2001/XMLSchema-instance"
    xsi:schemaLocation="http://www.loc.gov/MARC21/slim http://www.loc.gov/standards/marcxml/schema/MARC21slim.xsd"
    xmlns="http://www.loc.gov/MARC21/slim">

  <leader>01330nam a2200217Ia 4500</leader>
  <datafield tag="999" ind1=" " ind2=" ">
    <subfield code="c">45466</subfield>
    <subfield code="d">45466</subfield>
  </datafield>
  <controlfield tag="001">12291</controlfield>
  <controlfield tag="003">GE_BSU</controlfield>
  <controlfield tag="005">20240705152933.0</controlfield>
  <controlfield tag="008">181216s2014||||ge |||||||||||||| ||geo||</controlfield>
  <datafield tag="020" ind1=" " ind2=" ">
    <subfield code="a">9789941068539</subfield>
  </datafield>
  <datafield tag="040" ind1=" " ind2=" ">
    <subfield code="c">GE_BSU</subfield>
  </datafield>
  <datafield tag="041" ind1=" " ind2=" ">
    <subfield code="a">geo</subfield>
  </datafield>
  <datafield tag="080" ind1=" " ind2=" ">
    <subfield code="a">75/76(479.223) &#x10D1;-58</subfield>
  </datafield>
  <datafield tag="245" ind1=" " ind2=" ">
    <subfield code="a">&#x10D1;&#x10D4;&#x10E1;&#x10D4;&#x10DA;&#x10D8;&#x10D0; &#x10D5;&#x10D0;&#x10EE;&#x10E2;&#x10D0;&#x10DC;&#x10D2; = Vaktang Beselia /</subfield>
    <subfield code="c">&#x10DE;&#x10E0;&#x10DD;&#x10D4;&#x10E5;&#x10E2;&#x10D8;&#x10E1; &#x10D0;&#x10D5;&#x10E2;&#x10DD;&#x10E0;&#x10D8; &#x10D3;&#x10D0; &#x10D0;&#x10DA;&#x10D1;&#x10DD;&#x10DB;&#x10D8;&#x10E1; &#x10E8;&#x10D4;&#x10DB;&#x10D3;&#x10D2;. &#x10D2;&#x10D8;&#x10DD;&#x10E0;&#x10D2;&#x10D8; &#x10EF;&#x10D0;&#x10DC;&#x10D1;&#x10D4;&#x10E0;&#x10D8;&#x10EB;&#x10D4; ; &#x10E2;&#x10D4;&#x10E5;&#x10E1;&#x10E2;&#x10D8; &#x10E0;&#x10D0;&#x10E2;&#x10D8; &#x10E9;&#x10D8;&#x10D1;&#x10E3;&#x10E0;&#x10D3;&#x10D0;&#x10DC;&#x10D8;&#x10EB;&#x10D8;&#x10E1;.</subfield>
  </datafield>
  <datafield tag="264" ind1=" " ind2=" ">
    <subfield code="a">&#x10D1;&#x10D0;&#x10D7;&#x10E3;&#x10DB;&#x10D8; :</subfield>
    <subfield code="b">&#x10E1;&#x10D4;&#x10D6;&#x10D0;&#x10DC;&#x10D8;,</subfield>
    <subfield code="c">2014.</subfield>
  </datafield>
  <datafield tag="300" ind1=" " ind2=" ">
    <subfield code="a">160 &#x10D2;&#x10D5;. :</subfield>
    <subfield code="b">&#x10D8;&#x10DA;. ;</subfield>
    <subfield code="c">28 &#x10E1;&#x10DB;.</subfield>
  </datafield>
  <datafield tag="500" ind1=" " ind2=" ">
    <subfield code="a">&#x10DE;&#x10E0;&#x10DD;&#x10D4;&#x10E5;&#x10E2;&#x10D8; &#x10D2;&#x10D0;&#x10DC;&#x10EE;&#x10DD;&#x10E0;&#x10EA;&#x10D8;&#x10D4;&#x10DA;&#x10D3;&#x10D0; &#x10D0;&#x10ED;&#x10D0;&#x10E0;&#x10D8;&#x10E1; &#x10D0;&#x10D5;&#x10E2;.&#x10E0;&#x10D4;&#x10E1;&#x10DE;.&#x10D2;&#x10D0;&#x10DC;&#x10D0;&#x10D7;&#x10DA;&#x10D4;&#x10D1;&#x10D8;&#x10E1;,&#x10D9;&#x10E3;&#x10DA;&#x10E2;&#x10E3;&#x10E0;&#x10D8;&#x10E1; &#x10D3;&#x10D0; &#x10E1;&#x10DE;&#x10DD;&#x10E0;&#x10E2;&#x10D8;&#x10E1; &#x10E1;&#x10D0;&#x10DB;&#x10D8;&#x10DC;&#x10D8;&#x10E2;&#x10E0;&#x10DD;&#x10E1; &#x10DB;&#x10EE;&#x10D0;&#x10E0;&#x10D3;&#x10D0;&#x10ED;&#x10D4;&#x10E0;&#x10D8;&#x10D7;</subfield>
  </datafield>
  <datafield tag="520" ind1=" " ind2=" ">
    <subfield code="a">&#x10DE;&#x10E0;&#x10DD;&#x10D4;&#x10E5;&#x10E2;&#x10D8; &#x10D2;&#x10D0;&#x10DC;&#x10EE;&#x10DD;&#x10E0;&#x10EA;&#x10D8;&#x10D4;&#x10DA;&#x10D3;&#x10D0; &#x10D0;&#x10ED;&#x10D0;&#x10E0;&#x10D8;&#x10E1; &#x10D0;&#x10D5;&#x10E2;.&#x10E0;&#x10D4;&#x10E1;&#x10DE;.&#x10D2;&#x10D0;&#x10DC;&#x10D0;&#x10D7;&#x10DA;&#x10D4;&#x10D1;&#x10D8;&#x10E1;,&#x10D9;&#x10E3;&#x10DA;&#x10E2;&#x10E3;&#x10E0;&#x10D8;&#x10E1; &#x10D3;&#x10D0; &#x10E1;&#x10DE;&#x10DD;&#x10E0;&#x10E2;&#x10D8;&#x10E1; &#x10E1;&#x10D0;&#x10DB;&#x10D8;&#x10DC;&#x10D8;&#x10E2;&#x10E0;&#x10DD;&#x10E1; &#x10DB;&#x10EE;&#x10D0;&#x10E0;&#x10D3;&#x10D0;&#x10ED;&#x10D4;&#x10E0;&#x10D8;&#x10D7;.</subfield>
  </datafield>
  <datafield tag="653" ind1=" " ind2=" ">
    <subfield code="a">&#x10D1;&#x10D4;&#x10E1;&#x10D4;&#x10DA;&#x10D8;&#x10D0; &#x10D5;&#x10D0;&#x10EE;&#x10E2;&#x10D0;&#x10DC;&#x10D2; = Vaktang Beselia</subfield>
  </datafield>
  <datafield tag="942" ind1=" " ind2=" ">
    <subfield code="c">BK</subfield>
    <subfield code="2">udc</subfield>
  </datafield>
  <datafield tag="952" ind1=" " ind2=" ">
    <subfield code="0">0</subfield>
    <subfield code="1">0</subfield>
    <subfield code="2">udc</subfield>
    <subfield code="4">0</subfield>
    <subfield code="6">7576479223_&#x10D1;58</subfield>
    <subfield code="7">0</subfield>
    <subfield code="9">59483</subfield>
    <subfield code="a">CPL</subfield>
    <subfield code="b">CPL</subfield>
    <subfield code="c">GEN</subfield>
    <subfield code="d">2018-12-17</subfield>
    <subfield code="o">75/76(479.223) &#x10D1;-58</subfield>
    <subfield code="p">27093</subfield>
    <subfield code="r">2018-12-17</subfield>
    <subfield code="t">27093</subfield>
    <subfield code="w">2018-12-17</subfield>
    <subfield code="y">BK</subfield>
  </datafield>
  <datafield tag="952" ind1=" " ind2=" ">
    <subfield code="0">0</subfield>
    <subfield code="1">0</subfield>
    <subfield code="2">udc</subfield>
    <subfield code="4">0</subfield>
    <subfield code="6">7576479223_&#x10D1;58</subfield>
    <subfield code="7">0</subfield>
    <subfield code="9">59484</subfield>
    <subfield code="a">CPL</subfield>
    <subfield code="b">CPL</subfield>
    <subfield code="c">GEN</subfield>
    <subfield code="d">2018-12-17</subfield>
    <subfield code="o">75/76(479.223) &#x10D1;-58</subfield>
    <subfield code="p">27094</subfield>
    <subfield code="r">2018-12-17</subfield>
    <subfield code="t">27094</subfield>
    <subfield code="w">2018-12-17</subfield>
    <subfield code="y">BK</subfield>
  </datafield>
  <datafield tag="952" ind1=" " ind2=" ">
    <subfield code="0">0</subfield>
    <subfield code="1">0</subfield>
    <subfield code="2">udc</subfield>
    <subfield code="4">0</subfield>
    <subfield code="6">7576479223_&#x10D1;58</subfield>
    <subfield code="7">0</subfield>
    <subfield code="9">59485</subfield>
    <subfield code="a">CPL</subfield>
    <subfield code="b">CPL</subfield>
    <subfield code="c">GEN</subfield>
    <subfield code="d">2018-12-17</subfield>
    <subfield code="o">75/76(479.223) &#x10D1;-58</subfield>
    <subfield code="p">27095</subfield>
    <subfield code="r">2018-12-17</subfield>
    <subfield code="t">27095</subfield>
    <subfield code="w">2018-12-17</subfield>
    <subfield code="y">BK</subfield>
  </datafield>
  <datafield tag="952" ind1=" " ind2=" ">
    <subfield code="0">0</subfield>
    <subfield code="1">0</subfield>
    <subfield code="2">udc</subfield>
    <subfield code="4">0</subfield>
    <subfield code="6">7576479223_&#x10D1;58</subfield>
    <subfield code="7">0</subfield>
    <subfield code="9">59486</subfield>
    <subfield code="a">CPL</subfield>
    <subfield code="b">CPL</subfield>
    <subfield code="c">GEN</subfield>
    <subfield code="d">2018-12-17</subfield>
    <subfield code="o">75/76(479.223) &#x10D1;-58</subfield>
    <subfield code="p">27096</subfield>
    <subfield code="r">2018-12-17</subfield>
    <subfield code="t">27096</subfield>
    <subfield code="w">2018-12-17</subfield>
    <subfield code="y">BK</subfield>
  </datafield>
  <datafield tag="952" ind1=" " ind2=" ">
    <subfield code="0">0</subfield>
    <subfield code="1">0</subfield>
    <subfield code="2">udc</subfield>
    <subfield code="4">0</subfield>
    <subfield code="6">7576479223_&#x10D1;58</subfield>
    <subfield code="7">0</subfield>
    <subfield code="9">59487</subfield>
    <subfield code="a">CPL</subfield>
    <subfield code="b">CPL</subfield>
    <subfield code="c">GEN</subfield>
    <subfield code="d">2018-12-17</subfield>
    <subfield code="o">75/76(479.223) &#x10D1;-58</subfield>
    <subfield code="p">27097</subfield>
    <subfield code="r">2018-12-17</subfield>
    <subfield code="t">27097</subfield>
    <subfield code="w">2018-12-17</subfield>
    <subfield code="y">BK</subfield>
  </datafield>
</record>
